书目信息 |
| 题名: |
中国设计教育模式研究
|
|
| 作者: | 刘莎 编著 | |
| 分册: | VI设计教程 | |
| 出版信息: | 沈阳 辽宁美术出版社 2015.06 |
|
| 页数: | 112,112,108页 | |
| 开本: | 27cm | |
| 丛书名: | ||
| 单 册: | ||
| 中图分类: | J06 , J524.4 | |
| 科图分类: | ||
| 主题词: | 设计--研究--中国 , 企业--标志--设计--教材 | |
| 电子资源: | ||
| ISBN: | 978-7-5314-6577-5 | |
| 000 | 00973nam0 2200277 450 | |
| 001 | 0120151525544 | |
| 005 | 20170908083043.92 | |
| 010 | @a978-7-5314-6577-5@b精装@dCNY290.00 | |
| 100 | @a20150318d2015 em y0chiy50 ea | |
| 101 | 0 | @achi |
| 102 | @aCN@b210000 | |
| 105 | @aa z 000yy | |
| 106 | @ar | |
| 200 | 1 | @a中国设计教育模式研究@9zhong guo she ji jiao yu mo shi yan jiu@iVI设计教程@dThe research on Chinese design education pattern@iThe VI design course@f刘莎等编著@zeng |
| 210 | @a沈阳@c辽宁美术出版社@d2015.06 | |
| 215 | @a112,112,108页@c图,照片@d27cm | |
| 330 | @a本书主要内容包括:VI设计基础、VI设计和标志设计三部分。 | |
| 333 | @aVI设计人员 | |
| 510 | 1 | @aResearch on Chinese design education pattern@iThe VI design course@zeng |
| 606 | 0 | @a设计@x研究@y中国 |
| 606 | 0 | @a企业@x标志@x设计@j教材 |
| 690 | @aJ06@v5 | |
| 690 | @aJ524.4@v5 | |
| 701 | 0 | @a刘莎@9liu sha@4编著 |
| 801 | 0 | @aCN@b人天书店@c20150318 |
| 905 | @b992180-82@dJ06@e397@f3 | |
| 中国设计教育模式研究.VI设计教程=The research on Chinese design education pattern.The VI design course/刘莎等编著.-沈阳:辽宁美术出版社,2015.06 |
| 112,112,108页:图,照片;27cm |
| 使用对象:VI设计人员 |
| ISBN 978-7-5314-6577-5(精装):CNY290.00 |
| 本书主要内容包括:VI设计基础、VI设计和标志设计三部分。 |
| ● |
| 相关链接 |
|
|
|
|
正题名:中国设计教育模式研究
索取号:J06/397
 
预约/预借
| 序号 | 登录号 | 条形码 | 馆藏地/架位号 | 状态 | 备注 |
| 1 | 992180 | 209921806 | 第一样本阅览室/ [索取号:J06/397] | 在馆 | |
| 2 | 992181 | 209921815 | 第一借阅区/ [索取号:J06/397] | 在馆 | |
| 3 | 992182 | 209921824 | 密集书库-美术系/ [索取号:J06/397] | 在馆 |